000 00248nam a22001097a 4500
041 _aENG
245 _aWorld Packaging Conference
260 _aIndia
_bIndia Institute Of packaging
_c2004
300 _a147
650 _aAPE
856 _uAPE ( 02 )
999 _c1655
_d1655